000 00845nam a2200217Ii 4500
003 JO-AjNU
008 230605s9999||||xx |||||||||||||| ||und||
017 _a2011/1/313
040 _aJO-AjNU
_bara
_erda
_cJO-AjNU
041 _aara
050 1 4 _aKMM90.6.S4877.2011
100 3 _a شوشاري، صلاح الدين محمد ,
_eauthor
_950199
245 0 0 _aشرح التعديلات الجديدة في قانون المالكين والمستأجرين المعدل رقم 17 لسنة 2009 والمعدل رقم 43 لسنة 2010
250 _aط1
264 3 1 _aعمان : صلاح الدين شوشاري ، 2011
300 _a75ص
336 _atext
_btxt
_2rdacontent
337 _aunmediated
_bn
_2rdamedia
338 _avolume
_bnc
_2rdacarrier
650 4 _aقانون المالكين والمستأجرين -- الأردن
_950200
999 _aA22098
_c25666
_d25666